MARC

LEADER 00000nam^a2200000^a^4500
001 000579888
005 20250521000000.0
009 20260310132538.363
020 |a 978-612-318-430-8 
037 |a Acervo ITESO - Biblioteca 
041 |a ESP 
082 |a 728. 0098525063  |b BAL 
100 |a Balerdi Arrarte, Jorge  |e (autor) 
245 1 0 |a Reciclajes arquitectónicos :  |b arquitectura limeña transformada /  |c J. Balerdi Arrarte, E. Giacchetti Lobatón. 
264 4 |a Lima, Perú :  |b Universidad Peruana de Ciencias Aplicadas,  |c 2022, c2022 
300 |a 176 p. 
336 |a texto  |b txt  |2 rdacontenido 
337 |a sin mediación  |b n  |2 rdamedio 
338 |a volumen  |b nc  |2 rdasoporte 
649 |a XX 
650 |a Vivienda -  |z Lima, Perú -  |x Historia -  |y Siglo XX -  |x Tema Principal 
650 |a Vivienda -  |z Perú -  |x Historia -  |y Siglo XX 
650 |a Restauración y Conservación Arquitectónica -  |z Lima, Perú -  |x Tema Principal 
650 |a Restauración y Conservación Arquitectónica -  |z Perú 
650 |a Restauración y Conservación de Arte -  |z Lima, Perú 
650 |a Restauración y Conservación de Arte -  |z Perú 
650 |a Arquitectura Moderna -  |z Lima, Perú -  |x Historia y Crítica 
650 |a Arquitectura Moderna -  |z Perú -  |x Historia y Crítica 
650 |a Arquitectura -  |z Lima, Perú -  |x Historia y Crítica 
650 |a Arquitectura Peruana -  |x Historia y Crítica 
650 |a Arquitectura Peruana -  |y Siglo XX 
650 |a Arte Moderno -  |z Lima, Perú -  |x Historia y Crítica 
650 |a Arte Moderno -  |z Perú -  |x Historia y Crítica 
650 |a Arte -  |z Lima, Perú -  |x Historia y Crítica 
650 |a Arte Peruano -  |x Historia y Crítica 
650 |a Arte Peruano -  |y Siglo XX 
650 |a Ortega Flores, Salvador -  |x Tema Principal 
700 |a Giacchetti Lobatón, Eugenio  |e (autor) 
910 |a Fondo General 
920 |a Impresos - Libros 
930 |a Reserva Especial 
905 |a 103 
901 |a 0500389280  |b IT2  |c REE  |i C183190  |u 20250521 
902 |a https://opac.biblio.iteso.mx/vufind/Record/000579888